Evolutionary biology. V 4 (Record no. 34425)

MARC details
000 -LEADER
fixed length control field 00351nam a2200133Ia 4500
082 ## - DEWEY DECIMAL CLASSIFICATION NUMBER
Classification number 575.8
Item number DOB.4
100 ## - MAIN ENTRY--AUTHOR NAME
Personal name DOBZHANSKY, Theodosius C
245 #0 - TITLE STATEMENT
Title Evolutionary biology. V 4
260 ## - PUBLICATION, DISTRIBUTION, ETC. (IMPRINT)
Place of publication New York
Name of publisher Meredith
Year of publication 1970
650 ## - SUBJECT ADDED ENTRY--TOPICAL TERM
Topical Term Evolution
650 ## - SUBJECT ADDED ENTRY--TOPICAL TERM
Topical Term Natural selection phenomenon
942 ## - ADDED ENTRY ELEMENTS (KOHA)
Koha item type Books
Holdings
Withdrawn status Lost status Damaged status Not for loan Home library Current library Date acquired Full call number Accession Number Koha item type
        RRII Library RRII Library 16/12/2021 575.8 DOB.4 14863 Books